000 00421nam a2200169Ia 4500
008 121102t1962 xxu||||| |||| 00| 0 sin d
041 _asin
080 _aX8S1
_bRAJ
100 _aAnanda Rajakaruna
245 _aඋද්‍යානය
246 _aUdhdhyanaya
260 _bP.K.W.Siriwardana
_aMaradana
_c1962
300 _b51p., 18 cm
942 _cBK
999 _c74714
_d74714
003 LK-CoDNM
040 _aLK-CoDNM
_dLK-CoDNM
_eLK-CoDNM